Guidelines for benchmarking performance in the irrigation and drainage sector,Martin Burton

Guardat en:
Dades bibliogràfiques
Autor principal: Hector Malano
Format: Llibre
Idioma:Undetermined
Publicat: Rome, Italy FAO 2001
Matèries:
Etiquetes: Afegir etiqueta
Sense etiquetes, Sigues el primer a etiquetar aquest registre!
Thư viện lưu trữ: Trung tâm Học liệu Trường Đại học Cần Thơ
LEADER 00502nam a2200169Ia 4500
001 CTU_47966
008 210402s9999 xx 000 0 und d
082 |a 631.587 
082 |b M237 
100 |a Hector Malano 
245 0 |a Guidelines for benchmarking performance in the irrigation and drainage sector,Martin Burton 
245 0 |c Hector Malano 
260 |a Rome, Italy 
260 |b FAO 
260 |c 2001 
650 |a drainage,irrigation 
980 |a Trung tâm Học liệu Trường Đại học Cần Thơ